000 00877cab a22002055a 4500
001 L142730
008 080304e20080207xxkd f 000 0 eng d
035 _a(Sirsi) u142730
041 0 _aeng
100 1 _aMinton, Anna
245 0 0 _aIn the right direction?
260 _c2008
490 0 _aArchitects' Journal
_v227(5) 7 February 2008, 24-29(6)
520 _aReports on the Shrinking Cities international research programme, which aims to research cities with declining populations in four former industrial regions. Focuses on two of the project's subjects, Liverpool and Manchester. Looks at regeneration attempts in Liverpool and Manchester and questions why these have not significantly improved the cities' models of growth.
590 _aKA
651 4 _aLiverpool
651 4 _aManchester
690 _aPROPERTY-PROPERTY MANAGEMENT-REGENERATION
942 _n0
999 _c79925
_d79925